Arrêts du bus 81 à Marseille - Statistiques

Statistiques générales
  • Ce quiz a été pris 40 fois
  • Le résultat moyen est 10 sur 32
Statistiques - réponses
Hint Réponse % Correct
1 Le Pharo
77%
32 Métro St Just
68%
3 Catalans
55%
16 Noailles
55%
5 Place du 4 Septembre
52%
12 Préfecture
45%
29 Chutes Lavie
42%
8 Petit chantier
39%
7 St Victor
39%
14 Métro Notre-Dame du Mont
35%
25 Chutes Lavie Dahdah
32%
18 Libération St Vincent de Paul
32%
31 St Just Raguse
32%
23 Flammarion Cassini
29%
22 Cassini
26%
24 Flammarion Siphon
26%
19 Libération Esperandieu
26%
17 Libération Réformés
26%
15 Lieutaud Cours Julien
26%
26 Pardigon
26%
2 Plage des Catalans
26%
11 Estrangin puget
23%
27 Guigou
23%
4 Lycée Colbert
23%
28 Paulette
23%
13 Salvator Italie
23%
20 5 Avenues Chartreux
16%
21 Collège des Chartreux
16%
30 Raguse Chutes Lavie
16%
6 Corse d'Aurelle
10%
9 Puget Moulet
6%
10 Puget Roux de Brignoles
6%
Aucun quiz correspondant
Distribution des résultats
% des personnes avec chaque résultat
Percentile par nombre de réponses
Votre historique - résultats
Vous n’avez pas pris ce quiz